LEADER 01491nam a2200325 u 4500 001 000000053434 003 CaOOAMICUS 005 20070226115547.0 008 001115s1999 it u000 u eng u 035 $a10861331 040 $aPUL$bita 100 1 $aMiranda, Ashley.$0(OLS)http://pul/name/38031 245 13$aAn assessment of Alasdair MacIntyre's theory of virtue /$cAshley Miranda. 260 $aRoma :$b[s.n.],$c1999. 300 $av, 143 p. ;$c24 cm 490 1 $aUniversità pontificia salesiana. Facoltà di filosofia. Tesi di dottorato ;$vn. 429 500 $aEstratto di Diss. -- Pontificia Università salesiana. 504 $a"Bibliography": p. [122]-131. 600 14$aMacIntyre, Alasdair,$d1929-$0(OLS)http://pul/subject/19627 710 2 $aPontificia Università Salesiana.$0(OLS)http://pul/name/7805 830 0$aTesi di dottorato (Pontificia Università salesiana. Facoltà di filosofia) ;$vn. 429.$0(OLS)http://pul/title/71605 850 $aPUL 852 $aPUL$W1$xDP1 Tesi Pon. Univ. Salesiana$y46$mTH SAL 429$j70507$nBK-PRI$b $qTesi$B70507$CPULBib$Z2$F70507 $H $81 910 $aPontificio Ateneo Salesiano$97805 910 $aPontificio Ateneo Salesiano$97805 910 $aUniversità Pontificia Salesiana$97805 941 1 $a16 961 $aINV: 82742 996 $6245$aAn assessment of Alasdair MacIntyre's theory of virtue$9(OLS)http://pul/title/71693 996 $6260$aRoma :$b[s.n.]$9(OLS)http://pul/publisher/47958 LEADER 01392nam a2200313 u 4500 001 000000056797 003 CaOOAMICUS 005 20070226120519.0 008 010420s1983 it u000 u ita u 035 $a10886106 040 $aPUL(R)$bita 100 1 $aManselli, Raoul,$d1917-1984.$0(OLS)http://pul/name/150 245 10$aItalia e italiani alla prima crociata /$cdi Raoul Manselli. 260 $aRoma :$bJouvence,$c1983. 300 $a181 p. ;$c22 cm 490 1 $aStoria ;$v13 500 $aIncludes index. 500 $a"Riunisco in questo volume gli studi, scritti dai miei primi anni di studioso fino ad oggi, relativi alla prima crociata."--Pref. 504 $a"Fonti": p. 173-174. 504 $a"Opere più frequentemente citate": p. 175. 504 $a"Provenienza degli studi": p. 176. 650 0$aCrusades$yFirst, 1096-1099.$2//eng$0(OLS)http://pul/subject/22786 651 0$aItaly$xHistory$yGermanic rule, 962-1268.$2//eng$0(OLS)http://pul/subject/2650 830 0$aStoria (Jouvence) ;$v13.$0(OLS)http://pul/title/24902 850 $aPUL 852 $aPUL$W1$xDP1 Altre Collocazioni$y17$mSenza collocazione$j12$nBK-PRI$b $qStampati$B74435$CPULBib$Z2$F74435 $H $81 941 1 $a8 996 $6245$aItalia e italiani alla prima crociata$9(OLS)http://pul/title/75980 996 $6260$aRoma :$bJouvence$9(OLS)http://pul/publisher/48517